Podpora vytvárania pracovných miest prostredníctvom investičných stimulov

Prílev priamych zahraničných investícií (PZI), významne ovplyvňuje slovenskú ekonomiku. Štátna pomoc investorom a vytváranie nových pracovných miest. Pozitívne efekty PZI a náklady na vytváranie nových pracovných miest.

Gespeichert in:
Bibliographische Detailangaben
1. Verfasser: Darmo, Ľubomír, 1984-
Format: Buchkapitel
Sprache:Slowakisch
Schlagworte:
Tags: Tag hinzufügen
Keine Tags, Fügen Sie das erste Tag hinzu!

MARC

LEADER 00000nla a2200000 4500
001 0206761
005 20240502073431.6
041 0 |a slo 
044 |a SK 
245 1 0 |a Podpora vytvárania pracovných miest prostredníctvom investičných stimulov  |c Ľubomír Darmo 
520 |a Prílev priamych zahraničných investícií (PZI), významne ovplyvňuje slovenskú ekonomiku. Štátna pomoc investorom a vytváranie nových pracovných miest. Pozitívne efekty PZI a náklady na vytváranie nových pracovných miest. 
610 2 0 |a investície priame zahraničné 
610 2 0 |a stimuly hmotné 
610 2 0 |a pomoc štátna 
610 2 0 |a investície finančné 
610 2 0 |a miesta pracovné 
610 2 0 |a investori 
100 1 |a Darmo, Ľubomír, 1984-